Pecados Originais / (Record no. 22)
[ view plain ]
| 000 -LÍDER | |
|---|---|
| campo de controle de tamanho fixo | 01075nam a2200301 4500 |
| 001 - NÚMERO DE CONTROLE | |
| campo de controle | 22 |
| 003 - IDENTIFICADOR DO NÚMERO DE CONTROLE | |
| campo de controle | OSt |
| 005 - DATA E HORÁRIO DA ÚLTIMA TRANSAÇÃO | |
| campo de controle | 20250528074009.0 |
| 008 - CAMPO DE DADOS FIXOS--INFORMAÇÃO GERAL | |
| campo de controle de tamanho fixo | 250121b |||||||e |||| 00| 1 eng d |
| 040 ## - FONTE DA CATALOGAÇÃO | |
| Idioma da catalogação | por |
| 041 ## - CÓDIGO DE IDIOMA | |
| Código do idioma do original e/ou traduções intermediárias do texto | eng |
| Código do idioma do texto/trilha sonora ou título diferente | por |
| 082 ## - CDD - CLASSIFICAÇÃO DECIMAL DE DEWEY | |
| Número de Classificação | 823 |
| Número do exemplar | A467p |
| 100 1# - ENTRADA PRINCIPAL--NOME PESSOAL | |
| Nome pessoal | Alther, Lisa, |
| Datas associadas ao nome | 1944- |
| 9 (RLIN) | 49 |
| 240 ## - TÍTULO UNIFORME | |
| Título uniforme | Original Sins |
| 245 ## - TÍTULO | |
| Título | Pecados Originais / |
| Indicação de responsabilidade, etc. | Alther, Lisa ; Tradução de Antônio de Pádua Danesi |
| 260 ## - PUBLICAÇÃO, DISTRIBUIÇÃO, ETC. | |
| Local de publicação, distribuição, etc. | São Paulo |
| Nome do editor, distribuidor, etc. | Círculo do Livro |
| Data da publicação, distribuição, etc. | 1981 |
| 300 ## - DESCRIÇÃO FÍSICA | |
| Extensão | 540 p. |
| 520 ## - NOTA DE RESUMO, ETC. | |
| Resumo, etc. | Esta é uma história apaixonante de cinco personagens do Sul conservador dos Estados Unidos. Nela descobrimos a natureza especial, as compensações e tristezas de ser um sulista numa época de grande tumulto e mudanças.Mas todos tem uma meta....a busca da felicidade... |
| 650 #0 - ASSUNTO--TERMO TÓPICO | |
| Cabeçalho tópico ou nome geográfico | Literatura Americana |
| 9 (RLIN) | 84 |
| 650 #0 - ASSUNTO--TERMO TÓPICO | |
| Cabeçalho tópico ou nome geográfico | Grandes Amizades |
| 9 (RLIN) | 28 |
| 650 #0 - ASSUNTO--TERMO TÓPICO | |
| Cabeçalho tópico ou nome geográfico | Amor e Paixão |
| 9 (RLIN) | 25 |
| 650 #0 - ASSUNTO--TERMO TÓPICO | |
| Cabeçalho tópico ou nome geográfico | LGBT |
| 9 (RLIN) | 50 |
| 650 #0 - ASSUNTO--TERMO TÓPICO | |
| Cabeçalho tópico ou nome geográfico | Lição de Vida |
| 9 (RLIN) | 21 |
| 655 #0 - TERMO DE ÍNDICE--GÊNERO E FORMA | |
| Gênero/forma/ou termo foco | Romance |
| 655 #0 - TERMO DE ÍNDICE--GÊNERO E FORMA | |
| Gênero/forma/ou termo foco | Ficção |
| 700 ## - ENTRADA ADICIONADA - NOME PESSOAL | |
| Nome pessoal | Antonio de Pádua Danesi |
| Função do autor por extenso | Tradutor |
| 9 (RLIN) | 51 |
| 942 ## - ELEMENTOS DE ENTRADA ADICIONADOS (KOHA) | |
| Fonte de classificação ou esquema de arquivamento | Classificação decimal de Dewey |
| Ocultar no OPAC | Não |
| Tipo de material Koha | Livros |
| Situação do descarte | Situação das perdas | Fonte de classificação ou esquema de arquivamento | Status danificado | Não pode ser emprestado | Coleção | Biblioteca de origem | Biblioteca atual | Localização na estante | Data de aquisição | Fonte de aquisição | Total de empréstimos | Número de chamada completo | Código de barras | Data de último acesso | Data do preço efetivo | Tipo de material Koha |
|---|---|---|---|---|---|---|---|---|---|---|---|---|---|---|---|---|
| Classificação decimal de Dewey | Ficção | Biblioteca Professor Eduardo Afonso de Castro | Biblioteca Professor Eduardo Afonso de Castro | Literatura Estrangeira | 23.05.2017 | doação | 823 / A467p | 2025-15614 | 20.01.2025 | 20.01.2025 | Livros |